000 00543nam a22001817a 4500
999 _c523968
_d523968
003 NUST
005 20190613081434.0
008 190613b ||||| |||| 00| 0 eng d
020 _a987654321
038 _aSNS Library Staff
082 _a512.2 ZEE 2016
100 _aA. Zee
_914796
245 _aGroup Theory in a Nutshell for Physicists
_cA. Zee
260 _aNew Jersey
_bPrinceton University Press
_c2016
300 _a613 p.
_bHB
440 _aGroup Theory in a Nutshell for Physicists
_914797
942 _2ddc
_cBK
_k512.2 ZEE 2016